Mental retardation: definition, classification, and systems of supports
Saved in:
| Format: | Bog |
|---|---|
| Sprog: | engelsk |
| Udgivet: |
Washington, D.C
American Association on Mental Retardation
2002
|
| Udgivelse: | 10a. ed |
| Fag: | |
| Tags: |
Tilføj Tag
Ingen Tags, Vær først til at tagge denne postø!
|
MARC
| LEADER | 00000nam a2200000 a 4500 | ||
|---|---|---|---|
| 001 | UCL2679 | ||
| 003 | CL-VaPUC | ||
| 008 | 031031e20020000US |||||||||||||||||eng|d | ||
| 020 | |a 0940898810 | ||
| 082 | 0 | 4 | |a 616.8588 |b MEN |2 21 |
| 245 | 1 | 0 | |a Mental retardation: definition, classification, and systems of supports |
| 250 | |a 10a. ed | ||
| 300 | |a 238 p | ||
| 942 | |c BK | ||
| 945 | |d 20031031 00:00:00 |a cmena | ||
| 260 | |a Washington, D.C |b American Association on Mental Retardation |c 2002 | ||
| 500 | |a Incluye: 43 formularios | ||
| 500 | |a Complementario con: Worbook | ||
| 500 | |a Integrating supports in assessment and planing | ||
| 650 | 7 | |a RETARDO MENTAL |2 CL-VaPUC |9 309466 | |
| 650 | 0 | |a Minusválidos mentales |9 311830 | |
| 583 | |a last modification |c 20130421 11:56:41 |k Rodrigo Vera | ||
| 999 | |c 305924 |d 305922 | ||
| 952 | |0 0 |1 0 |4 0 |6 616_858800000000000_MEN_2002 |7 0 |8 R |9 370482 |a BIBEDU |b BIBEDU |d 2019-11-21 |i 395711K |o 616.8588 MEN 2002 |p 395711K |r 2019-11-21 |w 2019-11-21 |y BK_R |k EPE | ||
| 952 | |0 0 |1 0 |4 0 |6 616_858800000000000_MEN_2002 |7 0 |8 R |9 370483 |a BIBEDU |b BIBEDU |d 2019-11-21 |i 3957144 |o 616.8588 MEN 2002 |p 3957144 |r 2023-01-13 |w 2019-11-21 |y BK_R |k EDU | ||